MARC

LEADER 00000nam0a2200000 4500
001 50701
005 20231031033405.0
010 |a 5222027457 
035 |a (RuTPU)RU\TPU\book\53082 
090 |a 50701 
100 |a 20030418d2002 m y0rusy50 ca 
101 0 |a rus 
102 |a RU 
105 |a a j 001zy 
200 1 |a Ремонт и обслуживание электрооборудования. Спецтехнология  |e учебное пособие для профессионально-технических учебных заведений  |f С. Н. Павлович, Б. И. Фираго 
205 |a 2-е изд., стер. 
210 |a Ростов-на-Дону  |c Феникс  |d 2002 
215 |a 248 с.  |c ил. 
225 1 |a Учебники, учебные пособия 
320 |a Библиогр.: с. 245 
610 1 |a электроэнергетика 
610 1 |a электрооборудование 
610 1 |a электрические аппараты 
610 1 |a электрические машины 
610 1 |a электроустановки 
610 1 |a трансформаторы 
610 1 |a распределительные устройства 
610 1 |a ремонт 
610 1 |a обслуживание 
610 1 |a охрана труда 
610 1 |a безопасность 
610 1 |a учебные пособия 
675 |a 621.31.004:658(07)  |v 3 
700 1 |a Павлович  |b С. Н.  |g Сергей Николаевич 
701 1 |a Фираго  |b Б. И.  |g Бронислав Иосифович 
801 1 |a RU  |b 63413507  |c 20030418  |g PSBO 
801 2 |a RU  |b 63413507  |c 20030521  |g PSBO 
900 |a Электротехника и электрооборудование 
942 |c BK 
952 |a 551300  |b 180000